Library Banner

ضیا محیی الدین (Record no. 80611)

MARC details
000 -LEADER
fixed length control field 00373nam a22001457a 4500
005 - DATE AND TIME OF LATEST TRANSACTION
control field 20151207104504.0
008 - FIXED-LENGTH DATA ELEMENTS--GENERAL INFORMATION
fixed length control field 151207b xxu||||| |||| 00| 0 eng d
040 ## - CATALOGING SOURCE
Transcribing agency PK-LaUMT
082 ## - DEWEY DECIMAL CLASSIFICATION NUMBER
Classification number MSC 700.9295491
Item number ZAI-Z
100 ## - MAIN ENTRY--PERSONAL NAME
Personal name زین
245 ## - TITLE STATEMENT
Title ضیا محیی الدین
Statement of responsibility, etc زین
260 ## - PUBLICATION, DISTRIBUTION, ETC. (IMPRINT)
Place of publication, distribution, etc لاہور
Name of publisher, distributor, etc پاکستان بکس
Date of publication, distribution, etc 1989
300 ## - PHYSICAL DESCRIPTION
Extent 368 ص
942 ## - ADDED ENTRY ELEMENTS (KOHA)
Koha item type Books
Holdings
Withdrawn status Lost status Damaged status Home library Current library Date acquired Full call number Barcode Date last seen Price effective from Koha item type
      UMT Main Campus UMT Main Campus 2015-12-07 MSC 700.9295491 ZAI-Z 95341 2015-12-07 2015-12-07 Books